000 00473nam a2200145 a 4500
008 120416s1968 ||||||||||||||||| || u
050 _aQA 276.6 Raj
100 _aRaj, Des
245 1 0 _aSampling theory
246 _aRaj Das
260 _aNew York
_bMcGraw-Hill
_c1968
300 _axvi, 302p.
350 _a0.00
995 _D0.00
_FCBU-MAIN LIBRARY (Kitwe)
_H1
_I0.00
_M1
_UAVAILABLE
_ZMain Library Open Access Collection
999 _c56954
_d56954